000 00635nam a22002297a 4500
003 UA-OsUOA
001 52303
007 ta
008 20080208b un ||||| |||| 00| 0 ukr d
100 _aГанєєв Р. М.
090 _a004.738.5
_bГ19
942 _cBK
040 _aUA-OsUOA
_brus
_cUA-OsUOA
_dUA-OsUOA
245 _aWeb-интерфейс баз данных ODBC.
300 _a202 с.
955 _a2
041 _arus
080 _a004.738.5
260 _aМ.
_bГорячая линия - Телеком
_c2003
650 7 _a00 Загальні питання науки і культури
_2UDC
999 _c338401
_d338401